Luật Giáo dục
Những quy định chung. Hệ thống giáo dục quốc dân. Nhà trường và cơ sở giáo dục khác. Nhà giáo. Người học. Nhà trường, gia đình và xã hội. Quản lý nhà nước về giáo dục. Khen thưởng và xử lý vi phạm. Điều khoản thi hành
Kaydedildi:
| Yazar: | |
|---|---|
| Materyal Türü: | Kitap |
| Dil: | Vietnamese |
| Baskı/Yayın Bilgisi: |
H.
Chính trị Quốc gia
1998
|
| Konular: | |
| Etiketler: |
Etiketle
Etiket eklenmemiş, İlk siz ekleyin!
|
| Thư viện lưu trữ: | Mạng thư viện Đại học Đà Nẵng |
|---|
| LEADER | 01318nam a2200337 4500 | ||
|---|---|---|---|
| 001 | 000007239 | ||
| 003 | 3400 | ||
| 005 | 20111025141053.0 | ||
| 008 | 110927s1998 viesd | ||
| 020 | |c 5300đ | ||
| 041 | 0 | |a vie | |
| 082 | |a 344.07 |b Luâ | ||
| 100 | 1 | |a Việt Nam (CHXHCN) | |
| 245 | 0 | |a Luật Giáo dục |c Việt Nam (CHXHCN) | |
| 260 | |a H. |b Chính trị Quốc gia |c 1998 | ||
| 300 | |a 71 tr |c 19 cm | ||
| 520 | |a Những quy định chung. Hệ thống giáo dục quốc dân. Nhà trường và cơ sở giáo dục khác. Nhà giáo. Người học. Nhà trường, gia đình và xã hội. Quản lý nhà nước về giáo dục. Khen thưởng và xử lý vi phạm. Điều khoản thi hành | ||
| 653 | |a luật giáo dục | ||
| 653 | |a Việt Nam | ||
| 653 | |a Pháp luật | ||
| 910 | |a Nguyễn Thị Kim Oanh |d 27/09/2011 | ||
| OWN | |a LSP | ||
| AVA | |a UDN50 |b LSP |d 344.07 Luâ |e available |t Error 5001 Not defined in file expand_doc_bib_avail. |f 2 |g 0 |h N |i 0 |k 1 | ||
| 999 | |a From the UDN01 | ||
| AVA | |a UDN50 |b LSP |d 344.07 Luâ |e available |t Error 5001 Not defined in file expand_doc_bib_avail. |f 2 |g 0 |h N |i 0 |k 1 | ||
| TYP | |a Monograph | ||
| TYP | |a Printed language | ||
| 980 | |a Mạng thư viện Đại học Đà Nẵng | ||